000 00298nam a22001337a 4500
008 210301b ||||| |||| 00| 0 eng d
020 _a9781118390115
041 _aeng
080 _24th
_a070
100 _a39
101 _aMED
245 _aClinical Interviewing
_cFlanagan,S.J
942 _2udc
_cBK
999 _c55417
_d55417